000
00263nam a2200109Ia 4500
008
190216s9999||||xx |||||||||||||| ||und||
100
_a
Gopinathan K
245
0
_a
Computer Uyarthunna Preshnangal
260
_b
Vidyarthimithram
650
_a
Malayalam
942
_c
BK
999
_c
26273
_d
26273